| 000 | 00710nam a2200205 a 4500 | ||
|---|---|---|---|
| 005 | 20240614063730.0 | ||
| 008 | 991125s1972 ea 000 0 eng u | ||
| 020 | _a0673045102 | ||
| 035 | _aUPN01000023620 | ||
| 049 | _aCG | ||
| 050 | 4 |
_aPE1117 _bS217 |
|
| 245 | 0 | 0 |
_aExcursions / _cIra E. Aaron ... [et al.]. |
| 260 |
_aGlenview (E.U.A.) : _bScott Foresman, _c1972. |
||
| 300 |
_a136 p. : _bprincipalmente il. |
||
| 440 | 0 |
_aScott Foresman reading systems ; _vlevel 17 |
|
| 505 | 8 | _aContiene: Weather or not -- About animals -- A world of water -- The golden footprints | |
| 650 | 4 |
_aInglés _vLibros de texto para extranjeros _99168 |
|
| 700 | 1 |
_aAaron, Ira Edward, _d1919- _ecoaut. _928025 |
|
| 905 | _aLibro | ||
| 999 |
_c23620 _d23620 |
||